LEADER 01321nam a2200289 4500 001 000000340399 003 CaOOAMICUS 005 20200702153839.0 008 200528s1977 it 000 u ita r 040 $aSeMil$bita 100 1 $aBarraciu, Angelo.$0(OLS)http://semarc/name/68475 245 10$aCaro Paolo 6. ... :$bdrammatico confronto con la classe operaia /$cAngelo Barraciu. 246 0 $aCaro Paolo 264 1$aGenova :$bLanterna,$c1977. 300 $a118 p. ;$c21 cm 500 $aPrima del tit.: Un giornalista che per sette anni ha seguito quotidianamente Montini ha deciso di scrivere 541 0 $aFondo mons. Pasquale Macchi 650 4$aMontini, Giovanni Battista <1897-1978> - Pastorale - Milano.$0(OLS)http://semarc/subject/40387 650 4$aPaolo VI - Società.$0(OLS)http://semarc/subject/8962 830 0$aDissenso ;$v1.$0(OLS)http://semarc/title/429428 850 $aSeMil 852 $aSeMil$W1$xVenegono$y1$m2A II 616$j220170$B231498$CSeMilBibl$Z2$F231498 $81 941 1 $a9 996 $6245$aCaro Paolo 6. ... :$bdrammatico confronto con la classe operaia$9(OLS)http://semarc/title/429430 996 $6246$aCaro Paolo$9(OLS)http://semarc/title/429429 996 $6264$aGenova :$bLanterna$9(OLS)http://semarc/publisher/32242 LEADER 01322nam a2200277 i 4500 001 000000059374 003 CaOOAMICUS 005 20190308100021.0 008 121212s1933 xx u000 u lat u 013 $a30546 040 $aSeMil$bita 100 1 $aDuns Scotus, Ioannes,$c.$0(OLS)http://semarc/name/109102 245 10$aTheologiae marianae elementa quae ad fidem codd. mss. /$cIoannis Duns Scoti ; edidit Carolus Balic. 260 $aSibenici (in Dalmatia) :$bEx Typographia Kacic,$c1933. 300 $aCLV, 450 p., [XXVIII] p. di tav. ;$c25 cm. 490 0 $aBibliotheca mariana medii aevi : textus et disquisitiones ;$vFasc.2.a 650 4$aMariologia - Storia.$0(OLS)http://semarc/subject/2907 700 1 $aBalic, Karlo,$c.$0(OLS)http://semarc/name/12660 830 0$aBibliotheca mariana Medii aevi. Textus et disquisitiones ;$vFasc.2.a.$0(OLS)http://semarc/title/510 850 $aSeMil 852 $aSeMil$W1$xVenegono$y1$m2L I 162$j25527$B25527$CSeMilBibl$Z2$F25530 $81 900 1 $aDuns Scoto, Giovanni. 996 $6245$aTheologiae marianae elementa quae ad fidem codd. mss.$9(OLS)http://semarc/title/92758 996 $6260$aSibenici (in Dalmatia) :$bEx Typographia Kacic$9(OLS)http://semarc/publisher/29817